00448nam a2200181Ia 4500003000400000005001700004008004100021020001800062040000700080041000800087082002000095100001700115245004700132250000700179260005000186300001700236365001300253OSt20230503164345.0210423s2010 xx 000 0 und d a9788171947690 cAL aeng a657.46 DATV223 aDATEY (V S). aTaxmanns indirect taxes: law and practice. a25 aNew DelhibTaxmann Publications Pvt Ltdc2010 aI-28,887bPB b495cINR